| 000 | 00585nam a2200193 a 4500 | ||
|---|---|---|---|
| 005 | 20210223133709.0 | ||
| 008 | 181109s1999 mx r 000 0 spa d | ||
| 020 | _a9686628231 | ||
| 035 | _aUPN01000227743 | ||
| 049 | _aCG | ||
| 050 | 4 |
_aQA184 _bG6.2 |
|
| 100 | 1 |
_aGómez García, Daniel _941975 |
|
| 245 | 1 | 0 |
_aAlianza familiar de las matrices / _cDaniel Gómez García. |
| 260 |
_aSaltillo : _bUniversidad Autónoma de Coahuila, _c1999. |
||
| 300 |
_axii, 266 p. : _bfigs., tablas |
||
| 650 | 4 |
_aALGEBRA LINEAL _92156 |
|
| 650 | 4 |
_aMATRICES (MATEMATICAS) _926917 |
|
| 905 | _aLibro | ||
| 999 |
_c199838 _d199838 |
||